000 00256nam a22000977a 4500
008 231128b |||||||| |||| 00| 0 eng d
082 _aDG AME /
_bVANC
100 _aVance, James
_eAutor
_943009
245 _aContra las cuerdas /
_cJames Vance
942 _2ddc
999 _c30431
_d16815